Game Show Hosts Quiz Stats

 Plays Quiz Updated Dec 10, 2018

     
Support Sporcle.
Go Orange.
Score 0/24 Timer 06:00
0 Plays Today
Game Show Host % Correct
Jeopardy!Alex Trebek
90.7%
The Price Is RightBob Barker
83.7%
Who Wants To Be A MillionaireRegis Philbin
80.5%
Deal or No DealHowie Mandel
77.6%
Wheel of FortunePat Sajak
77.3%
Are You Smarter Than a 5th Grader?Jeff Foxworthy
71.2%
Family FeudRichard Dawson
48.4%
1 vs. 100Bob Saget
47.7%
SurvivorJeff Probst
47.1%
Fear FactorJoe Rogan
45.1%
The $100,000 PyramidDick Clark
35.9%
Let's Make a DealMonty Hall
33%
Game Show Host % Correct
Double DareMarc Summers
32.9%
The Newlywed GameBob Eubanks
27.2%
Match GameGene Rayburn
27%
GreedChuck Woolery
26.7%
Tic Tac DoughWink Martindale
24%
Hollywood SquaresTom Bergeron
20.8%
Win, Lose or DrawVicki Lawrence
11.1%
Press Your LuckPeter Tomarken
9.3%
Supermarket SweepDavid Ruprecht
3.9%
Shop 'Til You DropPat Finn
2.8%
The $64,000 QuestionHal March
1.9%
Name That TuneGeorge DeWitt
1.6%

From the Vault

Nursery Rhymes: Odd One Out

by Magnavox

We just want to know why so many nursery rhymes are violent.
Remove Ads.
Support Sporcle.
Get the best of Sporcle when you Go Orange. This ad-free experience offers more features, more stats, and more fun while also helping to support Sporcle. Thank you for becoming a member.

Show Comments

Extras

Top Quizzes Today


Score Distribution

Your Account Isn't Verified!

In order to create a playlist on Sporcle, you need to verify the email address you used during registration. Go to your Sporcle Settings to finish the process.

Report this User

Report this user for behavior that violates our Community Guidelines.

Details: